Vyhláška o stredných školách č. 65/2015 Z.z.

Znenie vyhlášky č. 65/2015 Z.z. o stredných školách.

Salvato in:
Dettagli Bibliografici
Natura: Capitolo di libro
Lingua:slovacco
Soggetti:
Tags: Aggiungi Tag
Nessun Tag, puoi essere il primo ad aggiungerne!!

MARC

LEADER 00000naa a2200000 4500
001 0200564
005 20231120130437.8
041 0 |a slo 
044 |a SK 
245 1 0 |a Vyhláška o stredných školách č. 65/2015 Z.z. 
520 |a Znenie vyhlášky č. 65/2015 Z.z. o stredných školách. 
610 2 0 |a Slovensko 
610 2 0 |a vyhlášky 
610 2 0 |a školy stredné